Países más goleadores de cada Copa Mundial FIFA - Estadísticas

Estadísticas generales
  • Esta prueba ha sido intentada 85 veces
  • La puntuación promedio es 61 de 66
Estadísticas de respuestas
Hint Respuesta Nº de goles % Correcto
Alemania 11
100%
Alemania 14
100%
2006 Alemania 14
100%
2010 Alemania 16
100%
2014 Alemania 18
100%
Alemania Occidental 25
100%
Alemania Occidental 12
100%
Alemania Occidental 15
100%
Alemania Occidental 17
100%
Alemania Occidental 13
100%
Alemania Occidental 12
100%
Alemania Occidental 8
100%
1990 Alemania Occidental 15
100%
1930 Argentina 18
100%
1978 Argentina 15
100%
1986 Argentina 14
100%
Argentina 15
100%
Brasil 14
100%
1950 Brasil 22
100%
Brasil 16
100%
1962 Brasil 14
100%
1970 Brasil 19
100%
Brasil 10
100%
Brasil 11
100%
2002 Brasil 18
100%
1958 Francia 23
100%
1982 Francia 16
100%
Francia 12
100%
1998 Francia 15
100%
Francia 9
100%
Francia 14
100%
2022 Francia 16
100%
1934 Italia 12
100%
Italia 11
100%
Italia 12
100%
Italia 10
100%
Italia 12
100%
Uruguay 15
97%
Uruguay 15
97%
Uruguay 8
97%
España 8
96%
Países Bajos 15
95%
Países Bajos 15
95%
Países Bajos 13
95%
Países Bajos 12
95%
Países Bajos 15
95%
Inglaterra 11
94%
Inglaterra 8
94%
Inglaterra 12
94%
Inglaterra 13
94%
1966 Portugal 17
90%
Chile 10
86%
Colombia 12
85%
1938 Hungría 15
85%
1954 Hungría 27
85%
Estados Unidos 7
83%
2018 Bélgica 16
81%
Suecia 11
81%
1994 Suecia 15
81%
Croacia 11
77%
1974 Polonia 16
71%
Yugoslavia 10
68%
Turquía 10
64%
Austria 17
60%
Checoslovaquia 9
54%
Bulgaria 10
53%
No se encontraron pruebas coincidentes
Distribución de puntuación
Porcentaje de gente con cada puntuación
Porcentaje por número respondido
Historial de tus puntuaciones
No has intentado esta prueba.